000
00306nam a22001217a 4500
008
230703b xxu||||| |||| 00| 0 eng d
082
_a
348.
_b
CLB 1989
245
_a
Commonwealth Law Bulletin
260
_b
Commonwealth Secretariat
_c
1989
300
_a
XV,702p
440
_n
2
_v
15
_x
03050718
942
_2
ddc
_c
BK
999
_c
3146
_d
3146